<?xml version="1.0" encoding="UTF-8"?>
<marc:record xmlns:marc="http://www.loc.gov/MARC21/slim">
   <marc:leader>00000nam a2200000 a 4500</marc:leader>
   <marc:datafield ind1="1" ind2=" " tag="100">
      <marc:subfield code="a">Stower, Adam</marc:subfield>
      <marc:subfield code="4">aut</marc:subfield>
      <marc:subfield code="e">Verfasser/-in</marc:subfield>
   </marc:datafield>
   <marc:datafield ind1="1" ind2=" " tag="100">
      <marc:subfield code="a">Flegler, Leena</marc:subfield>
      <marc:subfield code="4">trl</marc:subfield>
      <marc:subfield code="e">Übersetzer/-in</marc:subfield>
   </marc:datafield>
   <marc:datafield ind1="1" ind2=" " tag="100">
      <marc:subfield code="a">Stower, Adam</marc:subfield>
   </marc:datafield>
   <marc:datafield ind1=" " ind2=" " tag="653">
      <marc:subfield code="a">Kinderbuch mit vielen Bildern</marc:subfield>
   </marc:datafield>
   <marc:datafield ind1=" " ind2=" " tag="653">
      <marc:subfield code="a">Erstleser</marc:subfield>
   </marc:datafield>
   <marc:datafield ind1=" " ind2=" " tag="653">
      <marc:subfield code="a">Geschenk</marc:subfield>
   </marc:datafield>
   <marc:datafield ind1=" " ind2=" " tag="653">
      <marc:subfield code="a">Trolle</marc:subfield>
   </marc:datafield>
   <marc:datafield ind1=" " ind2=" " tag="653">
      <marc:subfield code="a">Magie</marc:subfield>
   </marc:datafield>
   <marc:datafield ind1=" " ind2=" " tag="653">
      <marc:subfield code="a">Muffin</marc:subfield>
   </marc:datafield>
   <marc:datafield ind1=" " ind2=" " tag="653">
      <marc:subfield code="a">Törtchen</marc:subfield>
   </marc:datafield>
   <marc:datafield ind1=" " ind2=" " tag="653">
      <marc:subfield code="a">Kinderbuch</marc:subfield>
   </marc:datafield>
   <marc:datafield ind1=" " ind2=" " tag="653">
      <marc:subfield code="a">Humor</marc:subfield>
   </marc:datafield>
   <marc:datafield ind1=" " ind2=" " tag="653">
      <marc:subfield code="a">Zauberer</marc:subfield>
   </marc:datafield>
   <marc:datafield ind1=" " ind2=" " tag="653">
      <marc:subfield code="a">Wikinger</marc:subfield>
   </marc:datafield>
   <marc:datafield ind1=" " ind2=" " tag="653">
      <marc:subfield code="a">lustige Abenteuergeschichte</marc:subfield>
   </marc:datafield>
   <marc:datafield ind1=" " ind2=" " tag="653">
      <marc:subfield code="a">Kinderbücher bis 11 Jahre</marc:subfield>
   </marc:datafield>
   <marc:datafield ind1=" " ind2=" " tag="653">
      <marc:subfield code="a">Heldengeschichte</marc:subfield>
   </marc:datafield>
   <marc:datafield ind1=" " ind2=" " tag="653">
      <marc:subfield code="a">Comic</marc:subfield>
   </marc:datafield>
   <marc:datafield ind1="0" ind2="0" tag="245">
      <marc:subfield code="a">Muffin und Tört! - Bei den Wikingern</marc:subfield>
   </marc:datafield>
   <marc:datafield ind1="0" ind2="0" tag="245">
      <marc:subfield code="c">Adam Stower ; Deutsch von Leena Flegler</marc:subfield>
   </marc:datafield>
   <marc:datafield ind1=" " ind2="1" tag="264">
      <marc:subfield code="a">Stuttgart</marc:subfield>
      <marc:subfield code="b">Planet!</marc:subfield>
      <marc:subfield code="c">2025</marc:subfield>
   </marc:datafield>
   <marc:datafield ind1="1" ind2=" " tag="490">
      <marc:subfield code="a">Muffin und Tört</marc:subfield>
      <marc:subfield code="v">1</marc:subfield>
   </marc:datafield>
   <marc:datafield ind1="1" ind2=" " tag="520">
      <marc:subfield code="a">Mit Muffin &amp; Tört zum Leseprofi!  Zahlreiche Illustrationen, wenig Text und große Schrift &amp;nbsp; Bestens für ungeübte Kinder geeignet Für Kinder ab 7 Jahren  #Durch die magische Katzenklappe, rein ins Abenteuer!  #Muffin ist ein gemütlicher Kater. Er liebt sein Körbchen, Snacks und - RUHE. Leider wohnt er beim Zauberer Tatterich, der seine Katzenklappe verzaubert hat. Nun führt sie geradewegs in GEFÄHRLICHE Abenteuer, ob Muffin will oder nicht. Zum Glück hat er Tört, sein liebstes Törtchen, das von Tatterich aus Versehen in ein klebriges Kaninchen verwandelt wurde. Und Tört LIEBT Abenteuer! Sogar, wenn sie HUNGRIGE TROLLE jagen müssen. Sorglos hüpft er voran, geradewegs in die Mission "Rettet den Wikinger". Mutig und seufzend fügt sich auch Muffin seinem Schicksal, Abgrund des sicheren Todes hin oder her. Wenn es doch bloß Snacks gäbe, wäre alles halb so schlimm! Doch im Fress-euch-Wald wartet eine MIEFIGE Überraschung auf die beiden Freunde  #Perfekt geeignetes Lesevergnügen für alle, die gern witzige Geschichten mit vielen Illustrationen mögen! #Alle Bücher des urkomischen Superhelden-Duos:  #Muffin &amp;amp; Tört 1 - Bei den Wikingern #Muffin &amp;amp; Tört 2 - Bei den Rittern&amp;nbsp; (erscheint im Herbst 25)# #Muffin &amp;amp; Tört 3 - Bei den Piraten (erscheint im Frühjahr 26)</marc:subfield>
   </marc:datafield>
   <marc:datafield ind1=" " ind2=" " tag="020">
      <marc:subfield code="a">9783522508827</marc:subfield>
      <marc:subfield code="9">9783522508827</marc:subfield>
   </marc:datafield>
   <marc:datafield ind1=" " ind2=" " tag="041">
      <marc:subfield code="a">ger</marc:subfield>
   </marc:datafield>
   <marc:datafield ind1=" " ind2=" " tag="300">
      <marc:subfield code="a">170 Seiten, 18 ungez</marc:subfield>
   </marc:datafield>
</marc:record>
